000 00388nam a2200157Ia 4500
005 20250923144232.0
008 008 250917s9999 xx 000 0 eng d
037 _aReference
040 _aDSWL
_beng
_cDSWL
041 _aeng
_2eng
084 _aZ(Q2), N50
_qDSWL
245 4 _aThe Hindu Code
300 _a173 p.
942 _cREF
_hZ(Q2), N50
999 _c1436420
_d1436420